|
|
|
|
| LEADER |
00000cam a2200000 c 4500 |
| 001 |
1646303806 |
| 003 |
DE-627 |
| 005 |
20251225205054.0 |
| 007 |
tu |
| 008 |
890316s1988 xx ||||| 00| ||eng c |
| 016 |
7 |
|
|a b8850804
|2 UK
|
| 020 |
|
|
|a 0862995612
|9 0-86299-561-2
|
| 035 |
|
|
|a (DE-627)1646303806
|
| 035 |
|
|
|a (DE-576)017360587
|
| 035 |
|
|
|a (DE-599)BSZ017360587
|
| 035 |
|
|
|a (OCoLC)20265835
|
| 035 |
|
|
|a (DE-604)8051634503
|
| 040 |
|
|
|a DE-627
|b ger
|c DE-627
|e rakwb
|
| 041 |
|
|
|a eng
|
| 082 |
0 |
|
|a 973.922/092/4
|
| 084 |
|
|
|a MG 70096
|2 rvk
|0 (DE-625)rvk/122860:12055
|
| 100 |
1 |
|
|a Duffy, James R.
|4 aut
|
| 245 |
1 |
4 |
|a The web
|b Kennedy assassination cover-up
|c James R. Duffy
|
| 264 |
|
1 |
|a Gloucester
|b Sutton
|c 1988
|
| 300 |
|
|
|a XII, 244 S.
|
| 336 |
|
|
|a Text
|b txt
|2 rdacontent
|
| 337 |
|
|
|a ohne Hilfsmittel zu benutzen
|b n
|2 rdamedia
|
| 338 |
|
|
|a Band
|b nc
|2 rdacarrier
|
| 583 |
1 |
|
|a Archivierung prüfen
|c 20200919
|f DE-640
|z 1
|2 pdager
|
| 650 |
|
4 |
|a United States. Oswald, Lee Harvey
|
| 650 |
|
4 |
|a Oswald++Lee Harvey
|
| 650 |
|
4 |
|a Assassins++United States++Biography
|
| 689 |
0 |
0 |
|d p
|0 (DE-588)118561383
|0 (DE-627)155255460
|0 (DE-576)208986596
|a Kennedy, John F.
|d 1917-1963
|2 gnd
|
| 689 |
0 |
1 |
|d s
|0 (DE-588)4040235-6
|0 (DE-627)106224611
|0 (DE-576)209038853
|a Mord
|2 gnd
|
| 689 |
0 |
|
|5 (DE-627)
|
| 936 |
r |
v |
|a MG 70096
|b Politisches Verbrechen, Terror, Gewalt
|k Politologie
|k Politische Systeme einzelner Länder
|k Europa, Nordamerika
|k Nordamerika
|k USA
|k Formen politischer Auseinandersetzung
|k Politisches Verbrechen, Terror, Gewalt
|0 (DE-627)1271191644
|0 (DE-625)rvk/122860:12055
|0 (DE-576)201191644
|
| 951 |
|
|
|a BO
|
| ELC |
|
|
|b 1
|
| LOK |
|
|
|0 000 xxxxxcx a22 zn 4500
|
| LOK |
|
|
|0 001 3317707240
|
| LOK |
|
|
|0 003 DE-627
|
| LOK |
|
|
|0 004 1646303806
|
| LOK |
|
|
|0 005 20151022134807
|
| LOK |
|
|
|0 008 890316||||||||||||||||ger|||||||
|
| LOK |
|
|
|0 040
|a DE-21
|c DE-627
|d DE-21
|
| LOK |
|
|
|0 852
|a DE-21
|
| LOK |
|
|
|0 852 1
|c KB 18 A 4848
|9 00
|
| LOK |
|
|
|0 935
|a krim
|
| LOK |
|
|
|0 939
|a 16-03-89
|b l01
|
| ORI |
|
|
|a SA-MARC-krimdoka001.raw
|
| SIG |
|
|
|a UB: KB 18 A 4848
|